Famous Duos: First Names Quiz Stats

 Plays Quiz Updated Sep 10, 2014

Challenge
Share
Tweet
Embed
Score 0/30 Timer 05:00
2 Plays Today
% Correct
Fred
89.7%
Paul
88.9%
Art
84.4%
Humphrey
79.7%
Ginger
74.1%
Lauren
71.5%
Joe
67.1%
Karl
66.4%
John
66.3%
George
63.7%
Lou
58.1%
Stan
57.7%
Muhammad
56%
Dean
53.7%
Jerry
52.9%
% Correct
Daryl
51.1%
Oliver
45.4%
Meriwether
44.6%
Gracie
44.1%
Fox
41.8%
Bud
36.2%
Dana
35.4%
Carl
32.6%
James
32%
Bob
30.5%
William
24.2%
Edward
21%
Henry
16.7%
Friedrich
15.3%
Francis
13.9%

You're not logged in!

Compare scores with friends on all Sporcle quizzes.
Join for Free
OR
Log In

You Might Also Like...

Show Comments

Extras

Top Quizzes Today


Score Distribution

Your Account Isn't Verified!

In order to create a playlist on Sporcle, you need to verify the email address you used during registration. Go to your Sporcle Settings to finish the process.

Report this User

Report this user for behavior that violates our Community Guidelines.

Details: